000 00768nam a2200265Ia 4500
003 OSt
005 20220927110110.0
006 a|||||r|||| 00| 0
007 ta
008 220926b |||||||| |||| 00| 0 eng d
024 _a102134
037 _cReference Collections
040 _aRTL
_cRTL
_beng
041 _2eng
_aeng
082 _a"X9(J311)p1,N77, L8/UN"
110 _aUnited Nation
_9351525
111 _aUnited Nations Sugar Conference (1977 : Geneva)
_9375935
245 0 _aProceedings.
260 _aNew
_bYork United Nations USA
_c1978
300 _a"iii, 40p."
_ccm.
650 _aSugarcane Industry
700 _aUnited Nation
_9351527
942 _h"X9(J311)p1,N77, L8/UN"
_cCC
999 _c695395
_d695395